| 000 | 00444cam a2200181ua 4500 | ||
|---|---|---|---|
| 020 | _c10.00 | ||
| 041 |
_aeng _h |
||
| 082 |
_a624 _bNAG/FU |
||
| 100 | _aNagraj, M S . | ||
| 245 |
_aFundamental of civil engineering / _cM S Nagraj. _hTextual Documents |
||
| 260 |
_aAllahabad : _bSaroj Prakashan , _c1969. |
||
| 300 | _a267 ; . | ||
| 365 | _a10.00 | ||
| 504 | _a | ||
| 700 | 1 | _aSharama, S C . | |
| 942 | _cBK | ||
| 999 |
_c9250 _d9250 |
||